| 000 | 00867nam a22002175i 4500 | ||
|---|---|---|---|
| 001 | 166733 | ||
| 003 | ES-MaACL | ||
| 005 | 20250901032932.0 | ||
| 008 | 941125s1885 sp |||| | spa d | ||
| 040 |
_aCAT _bspa _cCAT _dCCPB |
||
| 080 | _a616 | ||
| 100 | 1 |
_aTutau, Juan ( _d1829-1893) _9133421 |
|
| 245 | 1 | 3 |
_aEl cólera _b: memoria leída en el Ateneo Barcelonés / _cpor el Dr. J. Tutau, secretario de la Sección de Ciencias Naturales y Exactas. |
| 260 |
_aBarcelona : _b[s.n.], _c1885 ( _fEstablecimiento Tipográfico de los Sucesores de N. Ramírez y Ca.) |
||
| 300 |
_a45 p. ; _c22 cm. |
||
| 593 | 1 | _aEncabezamiento tomado de BN. | |
| 650 | 7 |
_aCólera _2embne _911143 |
|
| 710 | 2 |
_aAteneu Barcelonès. _92060 |
|
| 852 |
_aES-MaACL _jT-424-F-2 _z-- Enc. hol. _z-- Enc. en un vol. facticio _z.- Dedicatoria autógrafa del autor |
||
| 999 |
_c166733 _d166733 |
||